000 00480nam a2200169Ia 4500
005 20250923144346.0
008 008 250917s9999 xx 000 0 eng d
037 _aTextual
040 _aDSWL
_beng
_cDSWL
041 _aeng
_2eng
084 _aXM25::2:N7, H8
_qDSWL
100 _aChand, Mahesh
_9824060
245 0 _aCooperative problem of Indin
_cby Mahesh Chand
300 _a192 p.
942 _cTEXL
_hXM25::2:N7, H8
999 _c1437866
_d1437866